| 000 | 00671nam a2200217 a 4500 | ||
|---|---|---|---|
| 001 | 000044952 | ||
| 005 | 20240412074304.0 | ||
| 008 | 150122s2014 dr 000 j spa d | ||
| 020 | _a9789945583441 | ||
| 040 |
_aDO-SdBNP _bspa _cBNPHU |
||
| 082 |
_aRD863.44 _bC389e |
||
| 100 | 1 |
_aCedeño, Sergio _96356 |
|
| 245 | 1 | 0 |
_aEterna compañera / _cSergio Cedeño. |
| 260 |
_aSanto Domingo : _bSantuario, _c2014. |
||
| 300 |
_a78 p. ; _c23 cm. |
||
| 590 | _aInventariado, 2020/YL | ||
| 500 | _aIncluye datos biografícos del autor en las solapas | ||
| 650 | 0 |
_aCuentos dominicanos _9176 |
|
| 650 | 0 |
_aLiteratura dominicana. _967 |
|
| 910 | _aValidado. Control de calidad MFF | ||
| 999 |
_c44441 _d44441 |
||